000 00750 a2200193 4500
001 61811
005 20260407155909.0
008 260407a1978 arg spa d
003 AR-UNSa-BCEJYS
040 _aAR-UNSa-BCEJYS
_bspa
_cAR-UNSa-BCEJYS
080 _a347.72.036
_xRepresentación y administración de la compañía. Junta general anual. Administradores. Delegados. Síndicos. Directores. Fiduciarios
245 1 0 _aVoto acumulativo
_pEl sistema de elección de directores, síndicos e integrantes del Consejo de Vigilancia en la Ley de Sociedades Comerciales
264 1 _aBuenos Aires :
_bAstrea
_c1978
300 _a130 p.
_c20 cm.
041 _aspa
942 _cBK
590 _aniveau_biblio:m niveau_hierar:0
100 1 _aLe Pera, Sergio
999 _c7415
_d7415